| 000 | 01279nam a2200229Ia 4500 | ||
|---|---|---|---|
| 001 | L232-7038 | ||
| 003 | IT-CnALBA | ||
| 008 | 170116s9999||||xx |||||||||||||| ||und|| | ||
| 040 |
_aIT-CnALBA _cIT-CnALBA |
||
| 041 | _aITALIANO | ||
| 100 | _aMESCHLER P. MAURIZIO, SJ. | ||
| 245 | 0 | _aLA VESTE NUZIALE. ISTRUZIONI SUL SS. SACRAMENTO DELL'AMORE IN FORMA DI PREGHIERE. | |
| 250 | _a1a ed. | ||
| 260 |
_aTORINO _bSALESIANA EDITRICE TIP. E LIBR. _c1916 [1° Ed.:1916 - Ed.Ling.Originale: 1916] |
||
| 300 | _a218 p. (prefazione: 512) | ||
| 500 | _aCOMNIONE FREQUENTE. TRADUZIONE DAL TEDESCO DI GUERRA ANTONIO. PREGHIERA DELLA MESSA. DOTTRINA DELL'EUCARESTIA. ECCELLENZA DELL'EUCARESTIA. EFFETTI DEL SACRAMENTO. FIGURE DELL'EUCARESTIA. ALBERO DELLA VITA. NUBE MANNA PANE DI ELIA. ARCA DELL'ALLEANZA. AGNE | ||
| 501 | _aSocietà San Paolo EM - Piazza San Paolo, 14 - 12051 ALBA (CN) (non commercial uses only) ® Copyright 2017 | ||
| 520 | _aCOMNIONE FREQUENTE. TRADUZIONE DAL TEDESCO DI GUERRA ANTONIO. PREGHIERA DELLA MESSA. DOTTRINA DELL'EUCARESTIA. ECCELLENZA DELL'EUCARESTIA. EFFETTI DEL SACRAMENTO. FIGURE DELL'EUCARESTIA. ALBERO DELLA VITA. NUBE MANNA PANE DI ELIA. ARCA DELL'ALLEANZA. AGNE | ||
| 650 | _aVITA E MISTERO DI CRISTO | ||
| 942 | _cBK | ||
| 957 | _71 | ||
| 999 |
_a8014 _bSI _g Copie: 1 _c266220 _d266220 |
||